Statistiques concernant Les 5 océans en 15 secondes

Cliquez ici pour prendre le quiz!

Statistiques générales

  • Ce quiz a été pris 981 fois
    (818 depuis la dernière actualisation)
  • Le résultat moyen est 4 sur 5

Statistiques - réponses

OcéanNom% Correct
OcéanPacifique
92%
OcéanIndien
84%
OcéanAtlantique
83%
OcéanArctique
51%
OcéanAustral
41%

Distribution des résultats

Percentile par nombre de réponses

% des personnes avec chaque résultat

Votre développement - résultats

Vous n’avez pas pris ce quiz depuis la dernière actualisation